| 000 | 00493nam a22001817a 4500 | ||
|---|---|---|---|
| 005 | 20250128110711.0 | ||
| 010 | _aENG-143613 | ||
| 020 | _c1000.00 | ||
| 035 | _aEN-127145 | ||
| 037 | _bDBAD | ||
| 082 | _a523 | ||
| 245 |
_aIndian Meteorites/ _cBy Geological Survey of India |
||
| 250 | _a1 | ||
| 260 |
_aKolkata _bGeological Survey of India _c2014 |
||
| 270 |
_a27, Jawaharlal Nehru Road _bKolkata _e700016 |
||
| 300 |
_a72p. _c22cm (hb) |
||
| 942 |
_2ddc _cEN _h523 _mIND |
||
| 999 |
_c208827 _d208827 |
||